header

Silence and listening as rhetorical arts (Record no. 131188)

MARC details
000 -LEADER
fixed length control field 01672nam a2200397 a 4500
082 04 - DEWEY DECIMAL CLASSIFICATION NUMBER
Classification number 808/.042/0711
245 00 - TITLE STATEMENT
Title Silence and listening as rhetorical arts
260 ## - PUBLICATION, DISTRIBUTION, ETC. (IMPRINT)
Place of publication Carbondale :
Name of publisher Southern Illinois University Press,
Year of publication 2011.
300 ## - PHYSICAL DESCRIPTION
Number of Pages vi, 324 p.
505 0# - FORMATTED CONTENTS NOTE
Formatted contents note pt. 1. History -- pt. 2. Theory and criticism -- pt. 3. Praxes.
650 #0 - SUBJECT ADDED ENTRY--TOPICAL TERM
Topical Term English language
Topical Term Report writing
Topical Term Silence
Topical Term Listening
700 1# - ADDED ENTRY--PERSONAL NAME
Personal name Glenn, Cheryl.
Personal name Ratcliffe, Krista,
856 40 - ELECTRONIC LOCATION AND ACCESS
Uniform Resource Identifier http://site.ebrary.com/lib/rucke/Doc?id=10469360

No items available.

© 2026 Rongo University
Contact us: librarian | system librarian | Rongo university